[Event "ECU-ch"]
[Site "Quito"]
[Date "2023.06.21"]
[Round "1"]
[White "Velez Cajas, Jhostym Freddy"]
[Black "Guerrero Fuentes, Carlos Andres"]
[Result "0-1"]
[WhiteElo "1444"]
[BlackElo "2061"]
[PlyCount "60"]
[EventDate "2023.06.21"]
[EventType "swiss"]
[EventRounds "9"]
[EventCountry "ECU"]
[SourceTitle "CBM 215 Extra"]
[Source "ChessBase"]
[SourceDate "2023.09.30"]
[SourceVersion "1"]
[SourceVersionDate "2023.09.30"]
[SourceQuality "1"]

1. Nf3 g6 2. d4 Bg7 3. e3 Nf6 4. Bd3 0-0 5. 0-0 c5 6. c3 d6 7. Nbd2 Nc6 8. e4 Nh5 9. d5 Nf4 10. Bc2 Na5 11. Nb3 Nh5 12. Nxa5 Qxa5 13. Bg5 Re8 14. Qd2 b5 15. a3 Qc7 16. Rac1 a5 17. Bd3 Bd7 18. Rfe1 Qb7 19. Rc2 Bg4 20. Be2 Nf6 21. Bxf6 exf6 22. Nh4 Bd7 23. Bf1 Re7 24. Qd1 b4 25. Qd3 Rae8 26. axb4 axb4 27. c4 f5 28. Qg3 Be5 29. Qg5 fxe4 30. Kh1 f6 0-1

[Event "ECU-ch Schools U13 Clas1"]
[Site "Chess.com INT"]
[Date "2020.11.18"]
[Round "8"]
[White "Ortiz Pilco, Carlos Alberto"]
[Black "Velez Cajas, Jhostym Freddy"]
[Result "1/2-1/2"]
[WhiteElo "1295"]
[BlackElo "1269"]
[PlyCount "100"]
[EventDate "2020.11.18"]
[EventType "swiss"]
[EventRounds "9"]
[EventCountry "ECU"]
[SourceTitle "CBM 199 Extra"]
[Source "ChessBase"]
[SourceDate "2021.01.31"]
[SourceVersion "1"]
[SourceVersionDate "2021.01.31"]
[SourceQuality "1"]

1. d4 d5 2. Nf3 e6 3. e3 Nf6 4. Bd3 Nbd7 5. b3 Bd6 6. Bb2 0-0 7. Nbd2 c5 8. 0-0 a6 9. Ne5 b5 10. c4 bxc4 11. bxc4 cxd4 12. exd4 dxc4 13. Ndxc4 Be7 14. Nc6 Qe8 15. Nxe7+ Qxe7 16. Ba3 Qd8 17. Bxf8 Nxf8 18. Qd2 Bb7 19. Rab1 Bc6 20. Ne5 Bd5 21. Rfc1 N8d7 22. Qc2 g6 23. Qc7 Nxe5 24. dxe5 Nd7 25. Qxd8+ Rxd8 26. a3 Nxe5 27. Bxa6 Kg7 28. Rc8 Rd6 29. Bf1 Nc6 30. Rc7 e5 31. Rbb7 Na5 32. Ra7 Nc6 33. Ra6 Rd8 34. Raxc6 Bxc6 35. Rxc6 Ra8 36. Rc3 Kf6 37. f3 Kf5 38. Kf2 f6 39. Ke3 Ra4 40. Bc4 g5 41. g4+ Kg6 42. Bd3+ Kg7 43. Rc7+ Kf8 44. Rc3 Ke7 45. h3 Kd6 46. Be4 h6 47. Rc6+ Ke7 48. Rc3 Kd6 49. Kd3 Rd4+ 50. Ke3 Ra4 1/2-1/2